000 00597cam a2200241 4500
008 090401t1998 xxu||||| |||| 00| 0 eng d
020 _a0406896372
035 _a(Sirsi) u85579
041 _aeng
050 _a346.41043
100 _aBurn, E.H.
245 _aMaudsley and Burn`s land law : cases and materials.
250 _a7th ed.
260 _aLondon
_bButterworths
_c1998
300 _axcvii,972p. ; 24cm.
350 _a29.95
520 _aThis edition by E.H. Burn.
650 _aLAND LAW
690 _aLAND
700 _aMaudsley, R.H.
942 _n0
948 _c15/04/1998
999 _c97056
_d97056